01184 a2200217 4500003000500000005001700005010001600022020002200038040000900060082001400069100002900083245009700112260003100209300001700240505047900257650004900736650001700785942002300802999001900825952012200844Nust20221110095612.0 a 75009733 a047141736X (v. 1) cNust00a512.1,HOW1 aHowes, Vernon E.910247710aEssentials of Mathematics precalculus 1 :bA programmed text Algebra 1 / cVernon E. Howes. aNew York :bWiley,c[1975- a671pc26 cm. aIntroduction (Page-1), Sets (Page-11), From N to (Page-35), Polynomials (Page-71), Rational Expressions (Page-111), Other Fields and Integral Domains (Page-151), Equations (Page-187), Cartesian Products (Page-269), Functions (Page-303), Polynomial Functions (Page-257), Systems of Linear Equations (Page-411), Applications (Page-475), Exponents (Page-503), Exponential and Logarithmic Functions (Page-547), Common and Natural Logarithms (Page-595), Applications (Page-635). 0aMathematicsxProgrammed instruction.9102478 0aMathematics. 2ddccBKk512.1,HOW c181770d181770 00102ddc4070aMCSbMCScGENd2016-12-12o512.1,HOWpMCS7314r2016-12-08w2016-12-12yBKzAlmirah No.10, Shelf No.6